[Event "Paul Keres mem. (44th)"]
[Site "Richmond CAN"]
[Date "2019.05.18"]
[Round "1.7"]
[White "McLaren, Brian"]
[Black "Patterson, Roger"]
[Result "1/2-1/2"]
[WhiteElo "2190"]
[BlackElo "1999"]
[PlyCount "100"]
[EventDate "2019.05.18"]
[EventType "swiss"]
[EventRounds "6"]
[EventCountry "CAN"]

1. e4 d6 2. d4 Nf6 3. Nc3 e5 4. Nf3 Nbd7 5. Bc4 Be7 6. O-O O-O 7. a4 c6 8. Re1
Qc7 9. Ba2 b6 10. Bg5 Bb7 11. Rc1 a6 12. h3 b5 13. d5 bxa4 14. Nxa4 cxd5 15.
exd5 Rae8 16. c4 h6 17. Be3 a5 18. Re2 Nh7 19. Qe1 f5 20. c5 Ba6 21. Rec2 Bb5
22. cxd6 Qxd6 23. Qxa5 Bxa4 24. Qxa4 Ra8 25. Qc4 e4 26. Nd4 Ne5 27. Qb3 Rfb8
28. Nb5 Rxb5 29. Qxb5 Rxa2 30. Qb3 Ra5 31. Bc5 Rxc5 32. Rxc5 Nd3 33. Rc8+ Nf8
34. R1c6 Qf4 35. d6+ Kh7 36. Qb6 Bh4 37. Rc2 Nd7 38. Qd4 Bf6 39. Qd5 Bh4 40.
Qd4 Bf6 41. Qd5 Bh4 42. g3 Bxg3 43. Qg8+ Kg6 44. fxg3 Qe3+ 45. Kh2 Ne1 46. Qe8+
Kh7 47. Qg8+ Kg6 48. Qe8+ Kh7 49. Qg8+ Kg6 50. Qe8+ Kh7 1/2-1/2

[Event "Paul Keres mem. (44th)"]
[Site "Richmond CAN"]
[Date "2019.05.18"]
[Round "1.8"]
[White "Burke, Paul"]
[Black "Jiang, Brandon"]
[Result "0-1"]
[WhiteElo "1972"]
[BlackElo "2115"]
[PlyCount "28"]
[EventDate "2019.05.18"]
[EventType "swiss"]
[EventRounds "6"]
[EventCountry "CAN"]

1. e4 e5 2. Nf3 Nc6 3. Bc4 Bc5 4. b4 Bxb4 5. c3 Bc5 6. d4 exd4 7. O-O d3 8. Qb3
Qe7 9. Bg5 f6 10. Bxg8 fxg5 11. Bxh7 g4 12. Bg6+ Kd8 13. Nd4 Bxd4 14. cxd4 Qd6
0-1

[Event "Paul Keres mem. (44th)"]
[Site "Richmond CAN"]
[Date "2019.05.18"]
[Round "1.9"]
[White "Wu, Howard"]
[Black "Li, Kevin"]
[Result "1-0"]
[WhiteElo "2114"]
[BlackElo "1954"]
[PlyCount "61"]
[EventDate "2019.05.18"]
[EventType "swiss"]
[EventRounds "6"]
[EventCountry "CAN"]

1. Nf3 e6 2. g3 d5 3. Bg2 Nf6 4. O-O c5 5. c4 Be7 6. cxd5 exd5 7. d4 b6 8. Nc3
O-O 9. Bf4 Bb7 10. Ne5 Na6 11. Qa4 cxd4 12. Qxd4 Nc5 13. Rad1 Ne6 14. Qa4 Nxf4
15. Qxf4 Re8 16. Ng4 Rc8 17. Nxf6+ Bxf6 18. Nxd5 Bxd5 19. Bxd5 Qe7 20. e4 Bxb2
21. Rd3 Rc7 22. Rfd1 g6 23. Qd2 Qf6 24. Qe2 Rec8 25. Rf3 Qe5 26. Bb3 Bc3 27.
Rd5 Qe7 28. Rfd3 Ba5 29. Qg4 Rc1+ 30. Kg2 Re8 31. Rd7 1-0

[Event "Paul Keres mem. (44th)"]
[Site "Richmond CAN"]
[Date "2019.05.18"]
[Round "1.10"]
[White "James, Rowan"]
[Black "Sadoughian-Zadeh, Farshad"]
[Result "1-0"]
[WhiteElo "1940"]
[BlackElo "2110"]
[PlyCount "109"]
[EventDate "2019.05.18"]
[EventType "swiss"]
[EventRounds "6"]
[EventCountry "CAN"]

1. e4 c5 2. Nf3 e6 3. d3 Nc6 4. g3 d5 5. Nbd2 Nf6 6. Bg2 Be7 7. O-O O-O 8. Re1
b5 9. c3 a5 10. Qc2 Ba6 11. b3 Rc8 12. Bb2 Re8 13. Rac1 Qb6 14. Qb1 c4 15. d4
b4 16. bxc4 dxc4 17. Bf1 bxc3 18. Bxc3 Qxb1 19. Rxb1 Bb4 20. Bxb4 Nxb4 21. a3
Nd3 22. Bxd3 cxd3 23. Rb6 Ra8 24. Rc1 Reb8 25. Rxb8+ Rxb8 26. Rc6 Bb5 27. Rc3
g6 28. Rb3 Rb7 29. Ne5 Ba6 30. Rxb7 Bxb7 31. f3 Ne8 32. Kf2 Nd6 33. Nxd3 Nb5
34. Nb3 Nxa3 35. Nxa5 Ba6 36. Nc5 Bb5 37. Nab3 Kf8 38. Ke3 Ke7 39. Kf4 f6 40.
e5 Nc4 41. exf6+ Kxf6 42. Ne4+ Ke7 43. Kg5 Nd6 44. Nxd6 Kxd6 45. Kh6 Kd5 46.
Kxh7 Bd3 47. Nc5 Bc2 48. Ne4 g5 49. Kh6 g4 50. Nf6+ Kxd4 51. fxg4 e5 52. g5 e4
53. Nxe4 Kxe4 54. g6 Bb3 55. Kh7 1-0

[Event "Paul Keres mem. (44th)"]
[Site "Richmond CAN"]
[Date "2019.05.18"]
[Round "2.1"]
[White "Doknjas, Neil"]
[Black "Orlov, Georgi"]
[Result "0-1"]
[WhiteElo "2064"]
[BlackElo "2503"]
[PlyCount "58"]
[EventDate "2019.05.18"]
[EventType "swiss"]
[EventRounds "6"]
[EventCountry "CAN"]

1. e4 c5 2. Nf3 e6 3. Nc3 a6 4. d4 cxd4 5. Nxd4 Qc7 6. Bd3 Bc5 7. Be3 Nf6 8.
O-O d6 9. Kh1 e5 10. Nf5 Bxf5 11. exf5 d5 12. Bg5 Nbd7 13. Qd2 e4 14. Bf4 Qc6
15. Rfe1 O-O 16. Bf1 d4 17. Ne2 Qb6 18. Ng3 Rfe8 19. Rab1 d3 20. Be3 Bxe3 21.
fxe3 Ne5 22. cxd3 exd3 23. Qc3 Rad8 24. h3 h5 25. Rbd1 h4 26. Bxd3 Nxd3 27.
Rxd3 hxg3 28. Kg1 Rxd3 29. Qxd3 Qxb2 0-1

[Event "Paul Keres mem. (44th)"]
[Site "Richmond CAN"]
[Date "2019.05.18"]
[Round "2.2"]
[White "Doknjas, Joshua"]
[Black "Wu, Howard"]
[Result "1-0"]
[WhiteElo "2367"]
[BlackElo "2114"]
[PlyCount "55"]
[EventDate "2019.05.18"]
[EventType "swiss"]
[EventRounds "6"]
[EventCountry "CAN"]

1. e4 c5 2. Nf3 d6 3. d4 cxd4 4. Nxd4 Nf6 5. Nc3 Nc6 6. Bg5 e6 7. Qd2 a6 8.
O-O-O Bd7 9. f4 b5 10. Bxf6 gxf6 11. Kb1 Qb6 12. Nce2 Be7 13. Nxc6 Bxc6 14. Ng3
d5 15. e5 f5 16. Be2 Bc5 17. Bh5 Be3 18. Qd3 Rf8 19. Rhe1 d4 20. Rxe3 Rd8 21.
Ree1 b4 22. Nxf5 exf5 23. Qxf5 Rd5 24. Qe6+ Kd8 25. Qf6+ Kc8 26. Bf3 Rc5 27.
Bg4+ Kb7 28. Qe7+ 1-0

[Event "Paul Keres mem. (44th)"]
[Site "Richmond CAN"]
[Date "2019.05.18"]
[Round "2.3"]
[White "Zheng, Maven"]
[Black "Kaufman, Raymond"]
[Result "0-1"]
[WhiteElo "1914"]
[BlackElo "2362"]
[PlyCount "54"]
[EventDate "2019.05.18"]
[EventType "swiss"]
[EventRounds "6"]
[EventCountry "CAN"]

1. d4 Nf6 2. c4 g6 3. Nc3 Bg7 4. e4 d6 5. f3 O-O 6. Be3 c6 7. Qd2 Nbd7 8. Nh3
a6 9. a4 e5 10. b4 exd4 11. Bxd4 a5 12. b5 Nc5 13. Rb1 Bxh3 14. gxh3 Nh5 15.
Bxg7 Kxg7 16. Bg2 Qh4+ 17. Kf1 f5 18. Qxd6 fxe4 19. Qd4+ Kg8 20. Re1 Rad8 21.
Qxc5 exf3 22. Rg1 fxg2+ 23. Kxg2 Rd2+ 24. Kh1 Rxh2+ 25. Kxh2 Rf2+ 26. Qxf2
Qxf2+ 27. Kh1 Qf3+ 0-1

[Event "Paul Keres mem. (44th)"]
[Site "Richmond CAN"]
[Date "2019.05.18"]
[Round "2.5"]
[White "Jiang, Brandon"]
[Black "James, Rowan"]
[Result "1-0"]
[WhiteElo "2115"]
[BlackElo "1940"]
[PlyCount "33"]
[EventDate "2019.05.18"]
[EventType "swiss"]
[EventRounds "6"]
[EventCountry "CAN"]

1. e4 e5 2. Nf3 Nc6 3. Bc4 Nf6 4. d3 Be7 5. c3 O-O 6. Nbd2 d6 7. Bb3 Na5 8. Bc2
c5 9. Qe2 a6 10. Nf1 b5 11. Ng3 Nc6 12. h3 b4 13. O-O a5 14. Ba4 Qb6 15. Nh4 d5
16. Nhf5 dxe4 17. Bxc6 1-0

[Event "Paul Keres mem. (44th)"]
[Site "Richmond CAN"]
[Date "2019.05.18"]
[Round "2.6"]
[White "Nyamdorj, Davaa-Ochir"]
[Black "Zheng, Victor"]
[Result "1-0"]
[WhiteElo "2317"]
[BlackElo "2000"]
[PlyCount "149"]
[EventDate "2019.05.18"]
[EventType "swiss"]
[EventRounds "6"]
[EventCountry "CAN"]

1. e4 c5 2. Nf3 d6 3. Bb5+ Bd7 4. Bxd7+ Qxd7 5. d4 cxd4 6. Qxd4 Nc6 7. Qd3 g6
8. O-O Bg7 9. c4 Nf6 10. Nc3 O-O 11. h3 Rfd8 12. Bg5 Rac8 13. Rad1 h6 14. Bc1
a6 15. b3 Nb4 16. Qe2 Ne8 17. Bb2 Nc7 18. Rfe1 b5 19. a3 Nc6 20. cxb5 axb5 21.
b4 Ne5 22. Nxe5 Bxe5 23. Na4 Qe6 24. Nc3 Qb3 25. Rd3 Ne6 26. Nd1 Qa2 27. g3
Bxb2 28. Qxb2 Qxb2 29. Nxb2 Rc2 30. Nd1 Rdc8 31. h4 Kf8 32. Kg2 Ke8 33. Ree3
Ra2 34. e5 dxe5 35. Rxe5 Ra8 36. Rxb5 R2xa3 37. Rxa3 Rxa3 38. Ne3 Rb3 39. Rb8+
Kd7 40. Rb7+ Kd8 41. Nd5 Nc5 42. Rxe7 Rxb4 43. Rxf7 Rd4 44. Ne7 Ke8 45. Rg7 Rd7
46. Rxg6 Rxe7 47. Rxh6 Kf8 48. h5 Kg7 49. Rg6+ Kh7 50. Rc6 Ne4 51. f3 Ng5 52.
f4 Ne6 53. Rd6 Ng7 54. g4 Rf7 55. Kg3 Ra7 56. Kh4 Rf7 57. Kg5 Ne8 58. Rh6+ Kg7
59. f5 Kg8 60. Re6 Ng7 61. Re5 Kf8 62. h6 Ne8 63. Kf4 Nd6 64. g5 Ra7 65. g6 Kg8
66. h7+ Kh8 67. Re6 Rd7 68. Ke5 Nc4+ 69. Kf6 Nd6 70. Kg5 Rd8 71. f6 Ne8 72.
Rxe8+ Rxe8 73. Kh6 Re7 74. g7+ Rxg7 75. fxg7# 1-0

[Event "Paul Keres mem. (44th)"]
[Site "Richmond CAN"]
[Date "2019.05.18"]
[Round "2.7"]
[White "Mohammed Qanee, Arpak Worya"]
[Black "Salcedo, Daniel E"]
[Result "1-0"]
[WhiteElo "2194"]
[BlackElo "2021"]
[PlyCount "67"]
[EventDate "2019.05.18"]
[EventType "swiss"]
[EventRounds "6"]
[EventCountry "CAN"]

1. e4 d6 2. d4 Nf6 3. Nc3 g6 4. Bg5 c6 5. Qd2 Qc7 6. O-O-O Nbd7 7. f4 b5 8. e5
b4 9. exf6 bxc3 10. Qxc3 e6 11. Nf3 Nb6 12. Qa5 Qb7 13. c4 Rb8 14. b3 d5 15. c5
Nc4 16. Qa4 Ne3 17. Re1 Ng4 18. Ne5 Nxe5 19. fxe5 Qb4 20. Qxb4 Rxb4 21. Rd1 h5
22. Kb2 Bh6 23. h4 Kd7 24. Kc3 Rb8 25. b4 Kc7 26. a4 Bd7 27. Ba6 Bxg5 28. hxg5
h4 29. Be2 Rb7 30. Rb1 Rbb8 31. Rh3 a5 32. b5 Rh7 33. b6+ Kb7 34. Kd2 1-0

[Event "Paul Keres mem. (44th)"]
[Site "Richmond CAN"]
[Date "2019.05.18"]
[Round "2.8"]
[White "Patterson, Roger"]
[Black "Moura, Eduardo"]
[Result "1/2-1/2"]
[WhiteElo "1999"]
[BlackElo "2075"]
[PlyCount "66"]
[EventDate "2019.05.18"]
[EventType "swiss"]
[EventRounds "6"]
[EventCountry "CAN"]

1. c4 e6 2. Nc3 d5 3. cxd5 exd5 4. d4 c5 5. Nf3 Nc6 6. g3 Nf6 7. Bg2 Be7 8. O-O
O-O 9. Bg5 c4 10. Ne5 Be6 11. f4 h6 12. Bxf6 Bxf6 13. e4 Bxe5 14. fxe5 Ne7 15.
exd5 Nxd5 16. Qe2 Nxc3 17. bxc3 Bd5 18. Rab1 b6 19. Rb5 Bxg2 20. Kxg2 a6 21.
Rb4 b5 22. a4 Qd7 23. Rfb1 f6 24. exf6 Rxf6 25. axb5 Raf8 26. bxa6 Rf2+ 27.
Qxf2 Rxf2+ 28. Kxf2 Qf5+ 29. Kg1 Qe6 30. a7 Qe3+ 31. Kg2 Qe2+ 32. Kg1 Qe3+ 33.
Kg2 Qe2+ 1/2-1/2

[Event "Paul Keres mem. (44th)"]
[Site "Richmond CAN"]
[Date "2019.05.18"]
[Round "2.9"]
[White "Gu, Chuyang"]
[Black "Dave, Bhavik"]
[Result "1/2-1/2"]
[WhiteElo "1825"]
[BlackElo "2081"]
[PlyCount "122"]
[EventDate "2019.05.18"]
[EventType "swiss"]
[EventRounds "6"]
[EventCountry "CAN"]

1. e4 e5 2. Nf3 Nc6 3. Bb5 a6 4. Ba4 Nf6 5. O-O Be7 6. Re1 b5 7. Bb3 O-O 8. c3
d5 9. exd5 Nxd5 10. Nxe5 Nxe5 11. Rxe5 c6 12. d3 Bd6 13. Re1 Qh4 14. g3 Qh3 15.
Re4 Qf5 16. Nd2 Qg6 17. Re1 Bg4 18. f3 Bh3 19. Ne4 Bc7 20. d4 Rae8 21. Kf2 h6
22. Nc5 a5 23. a4 b4 24. c4 Nf4 25. Bxf4 Bxf4 26. Qd3 Bf5 27. Ne4 Bc7 28. Bc2
Qh5 29. Kg1 Bg6 30. Qf1 Re6 31. Qf2 Qh3 32. Re2 Rd8 33. Rae1 Bxe4 34. Rxe4 Rxe4
35. Rxe4 Qd7 36. Qe3 Kf8 37. Kg2 Re8 38. f4 Bb6 39. c5 Bd8 40. h3 Rxe4 41. Qxe4
Bf6 42. b3 Bxd4 43. Qf5 Qxf5 44. Bxf5 Ke7 45. Kf3 Bxc5 46. Bd3 g6 47. g4 Bb6
48. f5 Kf6 49. fxg6 fxg6 50. Be4 c5 51. Bd5 Ke5 52. Bf7 g5 53. Bc4 Kd4 54. Bg8
Bc7 55. Bc4 Bf4 56. Bg8 Kd3 57. Bc4+ Kd4 58. Bg8 Bd6 59. Bc4 Be7 60. Bg8 Kd3
61. Bc4+ Kd4 1/2-1/2

[Event "Paul Keres mem. (44th)"]
[Site "Richmond CAN"]
[Date "2019.05.18"]
[Round "2.10"]
[White "Sadoughian-Zadeh, Farshad"]
[Black "Burke, Paul"]
[Result "1-0"]
[WhiteElo "2110"]
[BlackElo "1972"]
[PlyCount "77"]
[EventDate "2019.05.18"]
[EventType "swiss"]
[EventRounds "6"]
[EventCountry "CAN"]

1. d4 Nf6 2. c4 c5 3. d5 Ne4 4. Qc2 Qa5+ 5. Nd2 f5 6. f3 Nd6 7. e4 fxe4 8. fxe4
g6 9. Ngf3 Bg7 10. Be2 O-O 11. O-O Na6 12. a3 Nf7 13. Nb3 Qd8 14. Bf4 d6 15.
Rad1 Bd7 16. Nc1 Nc7 17. Nd3 b5 18. b3 a5 19. e5 Bf5 20. e6 Ne5 21. Nfxe5 dxe5
22. Be3 a4 23. Rxf5 Rxf5 24. Nxc5 axb3 25. Qxb3 bxc4 26. Bxc4 Rb8 27. Qd3 Ne8
28. g4 e4 29. Nxe4 Re5 30. Bf4 Rb2 31. Bxe5 Bxe5 32. Rd2 Qb6+ 33. Kg2 Rb1 34.
Rf2 Bd4 35. Qf3 Nf6 36. Nxf6+ exf6 37. e7 Kf7 38. d6+ Ke8 39. Qa8+ 1-0

[Event "Paul Keres mem. (44th)"]
[Site "Richmond CAN"]
[Date "2019.05.19"]
[Round "3.1"]
[White "Orlov, Georgi"]
[Black "Kaufman, Raymond"]
[Result "1/2-1/2"]
[WhiteElo "2503"]
[BlackElo "2362"]
[PlyCount "180"]
[EventDate "2019.05.18"]
[EventType "swiss"]
[EventRounds "6"]
[EventCountry "CAN"]

1. e4 e5 2. Nf3 Nc6 3. Bb5 a6 4. Ba4 Nf6 5. O-O Be7 6. Re1 b5 7. Bb3 O-O 8. d4
d6 9. c3 Bg4 10. d5 Nb8 11. h3 Bc8 12. a4 Bb7 13. Nbd2 Nbd7 14. c4 c6 15. Bc2
bxc4 16. dxc6 Bxc6 17. Nxc4 Nc5 18. Nfd2 Rb8 19. Qe2 Qc7 20. b3 Rfe8 21. Bb2
Bf8 22. Rac1 g6 23. Bc3 Nh5 24. g3 Bh6 25. Rcd1 Ne6 26. Nf1 Nd4 27. Bxd4 exd4
28. Rxd4 d5 29. Nce3 dxe4 30. Qxa6 Bb7 31. Qc4 Qb6 32. Rd7 Rf8 33. Nd5 Bxd5 34.
Rxd5 Rbc8 35. Qe2 e3 36. fxe3 Qe6 37. Rxh5 gxh5 38. Kh2 Rc3 39. Bd1 Qf6 40. Kg2
h4 41. Qg4+ Kh8 42. Qxh4 Qxh4 43. gxh4 Bg7 44. Nd2 Rd8 45. Nf3 Rcd3 46. Be2
Rxb3 47. Bc4 Ra3 48. Bxf7 Rxa4 49. e4 Rf8 50. Bd5 Ra5 51. Re2 Rb8 52. Kg3 Bc3
53. Kg4 Kg7 54. Kh5 Re8 55. Rg2+ Kf6 56. Rg5 Ke7 57. Rg3 Rf8 58. Ng5 Be5 59.
Rb3 Ra7 60. Nf3 Bf4 61. Nd4 Ra1 62. Ne6 Rf6 63. Rb7+ Kd6 64. Ng5 Rg1 65. Rxh7
Rg3 66. Rg7 Ra3 67. Rb7 Bxg5 68. hxg5 Rxh3+ 69. Kg4 Rff3 70. g6 Rfg3+ 71. Kf5
Rf3+ 72. Kg5 Ke5 73. Re7+ Kd6 74. Re6+ Kd7 75. Ra6 Ke7 76. Ra7+ Kd6 77. Ra6+
Ke7 78. Ra7+ Kd6 79. g7 Rhg3+ 80. Kh6 Rf6+ 81. Kh7 Rh3+ 82. Kg8 Ke5 83. Re7+
Kd6 84. Rf7 Rg6 85. Ra7 Rf6 86. Ra6+ Ke5 87. Rxf6 Kxf6 88. Kf8 Rc3 89. g8=N+
Ke5 90. Ne7 Re3 1/2-1/2

[Event "Paul Keres mem. (44th)"]
[Site "Richmond CAN"]
[Date "2019.05.19"]
[Round "3.2"]
[White "Huang, Patrick"]
[Black "Doknjas, Joshua"]
[Result "1-0"]
[WhiteElo "2197"]
[BlackElo "2367"]
[PlyCount "151"]
[EventDate "2019.05.18"]
[EventType "swiss"]
[EventRounds "6"]
[EventCountry "CAN"]

1. d4 Nf6 2. Bf4 d5 3. e3 c5 4. c3 Nc6 5. Nd2 Bf5 6. Ngf3 Qb6 7. Nh4 Bd7 8. Qb3
Qxb3 9. axb3 Nh5 10. Bc7 Rc8 11. Be5 f6 12. Bg3 e6 13. dxc5 g5 14. Nhf3 Bxc5
15. b4 Nxg3 16. hxg3 Bb6 17. Bd3 h6 18. Nb3 Rb8 19. Ke2 Kf7 20. Rh2 e5 21. Bb5
Bg4 22. Kd2 Ne7 23. Be2 Bf5 24. g4 Bc8 25. Ne1 Kg7 26. Nd3 Rd8 27. Rah1 Ng8 28.
Ndc5 Bc7 29. Ra1 Ra8 30. Rhh1 Ne7 31. Ra2 b6 32. Rha1 Bb8 33. Na6 Bd6 34. Bf3
Be6 35. Kc2 Rac8 36. Ra3 f5 37. gxf5 Bxf5+ 38. Kd2 Bg6 39. Bg4 Rc6 40. Ke1 h5
41. Bd1 g4 42. Ra4 Be8 43. Be2 Bf7 44. b5 Rcc8 45. Nd2 Rd7 46. Nb4 Rcc7 47. Kf1
e4 48. Nb3 Kf6 49. Nd4 Rb7 50. Nbc6 Nc8 51. Bd1 Kg5 52. Bb3 h4 53. c4 h3 54. g3
Bc5 55. cxd5 Kf6 56. Ne6 Nd6 57. Nxa7 Bg6 58. Ra6 Nf7 59. Nxc5 Ne5 60. Nxd7+
Rxd7 61. Rxb6+ Kg5 62. Kg1 h2+ 63. Kxh2 Nf3+ 64. Kg2 Rh7 65. Rh1 Rxa7 66. Rc6
Ne5 67. b6 Rb7 68. Re6 Nd3 69. Bc4 Nxb2 70. Ba6 Rb8 71. b7 Nd3 72. Rc6 Nb4 73.
Rc8 Nxa6 74. Rxb8 Nxb8 75. Rh8 Na6 76. Ra8 1-0

[Event "Paul Keres mem. (44th)"]
[Site "Richmond CAN"]
[Date "2019.05.19"]
[Round "3.3"]
[White "Nyamdorj, Davaa-Ochir"]
[Black "Jiang, Brandon"]
[Result "1/2-1/2"]
[WhiteElo "2317"]
[BlackElo "2115"]
[PlyCount "131"]
[EventDate "2019.05.18"]
[EventType "swiss"]
[EventRounds "6"]
[EventCountry "CAN"]

1. e4 e5 2. Nf3 Nc6 3. Bb5 f5 4. d3 fxe4 5. dxe4 Nf6 6. O-O Bc5 7. Nc3 d6 8.
Na4 Bb6 9. Nxb6 axb6 10. Qd3 O-O 11. c3 Kh8 12. Ne1 Ne7 13. Qe2 Ng6 14. Bd3 Bg4
15. f3 Be6 16. Bc4 Bd7 17. g3 c6 18. Bb3 Qc7 19. Bg5 h6 20. Be3 d5 21. exd5
cxd5 22. Qd2 Ne7 23. Ng2 Bb5 24. Rfe1 Bc6 25. Bc2 Rad8 26. Nh4 Nfg8 27. Qd3 e4
28. Qd4 b5 29. Rad1 exf3 30. Qd3 Nf6 31. Nxf3 Ne4 32. Nh4 Bd7 33. Qd4 Bg4 34.
Rc1 Qc6 35. Bxe4 dxe4 36. Qc5 Rc8 37. Qxc6 Nxc6 38. Ng6+ Kh7 39. Nxf8+ Rxf8 40.
Bc5 Re8 41. Bd4 Bf3 42. Kf2 Rd8 43. Ke3 Ne7 44. g4 Nd5+ 45. Kf2 Nf4 46. Re3 Rf8
47. Rc2 Nd5 48. Rd2 Bxg4+ 49. Kg2 Bf3+ 50. Kg3 Rf5 51. h4 Nxe3 52. Bxe3 Bh5 53.
Bf4 g5 54. Rd7+ Bf7 55. hxg5 hxg5 56. Bxg5 Rxg5+ 57. Kf4 Rg7 58. Rxb7 Bc4 59.
Rxg7+ Kxg7 60. Kxe4 Bxa2 61. Kd4 Bc4 62. Kc5 Kf6 63. b3 Bxb3 64. Kxb5 Bg8 65.
c4 Bxc4+ 66. Kxc4 1/2-1/2

[Event "Paul Keres mem. (44th)"]
[Site "Richmond CAN"]
[Date "2019.05.19"]
[Round "3.4"]
[White "Mohammed Qanee, Arpak Worya"]
[Black "McLaren, Brian"]
[Result "0-1"]
[WhiteElo "2194"]
[BlackElo "2190"]
[PlyCount "70"]
[EventDate "2019.05.18"]
[EventType "swiss"]
[EventRounds "6"]
[EventCountry "CAN"]

1. e4 Nf6 2. e5 Nd5 3. d4 d6 4. Nf3 Bg4 5. Be2 c6 6. O-O Bxf3 7. Bxf3 dxe5 8.
dxe5 e6 9. c4 Ne7 10. Qe2 Nd7 11. b3 Ng6 12. Bb2 Qc7 13. Re1 Bb4 14. Nc3 Ndxe5
15. a3 Nxf3+ 16. Qxf3 Be7 17. Ne4 O-O 18. Qc3 e5 19. Rad1 Rad8 20. g3 Rxd1 21.
Rxd1 f5 22. Nd2 Rd8 23. Re1 Bf6 24. c5 Rd5 25. b4 e4 26. Qb3 Bxb2 27. Qxb2 Ne5
28. Qa2 Qf7 29. Kg2 Rd3 30. Qb2 Qd5 31. Nf1 e3+ 32. Kh3 g5 33. Rxe3 g4+ 34. Kh4
Rxe3 35. Nxe3 Nf3+ 0-1

[Event "Paul Keres mem. (44th)"]
[Site "Richmond CAN"]
[Date "2019.05.19"]
[Round "3.5"]
[White "Wu, Howard"]
[Black "Patterson, Roger"]
[Result "1/2-1/2"]
[WhiteElo "2114"]
[BlackElo "1999"]
[PlyCount "94"]
[EventDate "2019.05.18"]
[EventType "swiss"]
[EventRounds "6"]
[EventCountry "CAN"]

1. Nf3 d5 2. g3 Nf6 3. Bg2 e6 4. O-O Be7 5. c4 O-O 6. d4 c5 7. cxd5 exd5 8.
dxc5 Bxc5 9. Nbd2 Nc6 10. Nb3 Be7 11. Bf4 Re8 12. Rc1 h6 13. Nfd4 Bd7 14. Qd3
Bf8 15. Rfd1 Qb6 16. Nxc6 bxc6 17. Be3 Qd8 18. Bd4 Ne4 19. f3 Nd6 20. Nc5 Bf5
21. e4 Bg6 22. b3 Qe7 23. Re1 Rad8 24. Qf1 dxe4 25. fxe4 Nxe4 26. Nxe4 Rxd4 27.
Nf6+ gxf6 28. Rxe7 Rxe7 29. Qxf6 Rd2 30. Bf1 Re6 31. Qf4 Rxa2 32. Bg2 Ree2 33.
Bf1 Rxh2 34. Rxc6 Rhc2 35. Rxg6+ fxg6 36. Bc4+ Rxc4 37. Qxc4+ Kh7 38. b4 Rb2
39. b5 h5 40. Qd4 Bg7 41. Qd7 Kh6 42. Kf1 Kh7 43. Qd5 Kh6 44. Qc5 Kh7 45. Qg5
Bh6 46. Qd8 Bg7 47. Qe8 Kh6 1/2-1/2

[Event "Paul Keres mem. (44th)"]
[Site "Richmond CAN"]
[Date "2019.05.19"]
[Round "3.6"]
[White "Chung, Alec"]
[Black "Sadoughian-Zadeh, Farshad"]
[Result "0-1"]
[WhiteElo "1797"]
[BlackElo "2110"]
[PlyCount "68"]
[EventDate "2019.05.18"]
[EventType "swiss"]
[EventRounds "6"]
[EventCountry "CAN"]

1. c4 f5 2. g3 Nf6 3. Bg2 g6 4. Nc3 Bg7 5. d3 O-O 6. Nf3 d6 7. O-O Nc6 8. a3 a5
9. Bd2 e5 10. Qc2 h6 11. Ne1 f4 12. e3 fxg3 13. fxg3 Bf5 14. Qc1 Kh7 15. e4 Bg4
16. h3 Be6 17. Nc2 Qd7 18. Kh2 Rf7 19. b4 axb4 20. axb4 Raf8 21. b5 Nd4 22.
Nxd4 exd4 23. Ne2 Nh5 24. Rxf7 Rxf7 25. Ra7 b6 26. Qe1 Be5 27. Bc1 Qe7 28. Qd2
g5 29. Qd1 Qf6 30. Bd2 Nxg3 31. Nxg3 Qf2 32. Kh1 Qxg3 33. Qg1 Bxh3 34. Ra1 Rf2
0-1

[Event "Paul Keres mem. (44th)"]
[Site "Richmond CAN"]
[Date "2019.05.19"]
[Round "3.7"]
[White "Moura, Eduardo"]
[Black "Zheng, Maven"]
[Result "1/2-1/2"]
[WhiteElo "2075"]
[BlackElo "1914"]
[PlyCount "27"]
[EventDate "2019.05.18"]
[EventType "swiss"]
[EventRounds "6"]
[EventCountry "CAN"]

1. e4 e5 2. Nf3 Nc6 3. Bc4 Bc5 4. O-O Nf6 5. d3 d6 6. a4 h6 7. c3 a6 8. a5 O-O
9. Nbd2 Ba7 10. Re1 Ne7 11. Nf1 Ng6 12. Be3 Be6 13. Bxa7 Bxc4 14. dxc4 1/2-1/2

[Event "Paul Keres mem. (44th)"]
[Site "Richmond CAN"]
[Date "2019.05.19"]
[Round "3.8"]
[White "James, Rowan"]
[Black "Doknjas, Neil"]
[Result "0-1"]
[WhiteElo "1940"]
[BlackElo "2064"]
[PlyCount "98"]
[EventDate "2019.05.18"]
[EventType "swiss"]
[EventRounds "6"]
[EventCountry "CAN"]

1. e4 c5 2. Nf3 d6 3. Bb5+ Bd7 4. Bxd7+ Qxd7 5. O-O Nf6 6. e5 dxe5 7. Nxe5 Qc8
8. Qf3 e6 9. d3 Be7 10. Nc3 Nbd7 11. Bf4 O-O 12. Rfe1 Nxe5 13. Bxe5 Nd7 14. Bg3
Bf6 15. Ne4 Bxb2 16. Rab1 Be5 17. Rxb7 Bxg3 18. Nxg3 Nb6 19. Nh5 Nd5 20. Rbb1
Qd8 21. c4 Nb4 22. Re3 Qg5 23. Qe2 g6 24. Ng3 Nc6 25. Ne4 Qe7 26. Rh3 f5 27.
Nc3 Rab8 28. Re1 Rfe8 29. Re3 Nd4 30. Qd2 Qg5 31. Qc1 f4 32. Ne4 Qd8 33. Rh3
Qe7 34. Kf1 e5 35. Nc3 Kg7 36. Nd5 Qb7 37. g4 Qb2 38. Qxb2 Rxb2 39. Rxh7+ Kxh7
40. Nf6+ Kh6 41. Nxe8 Nf3 42. Re2 Nxh2+ 43. Ke1 Rb1+ 44. Kd2 Nxg4 45. Nd6 Rb2+
46. Ke1 Rb1+ 47. Kd2 f3 48. Re4 Nxf2 49. Rxe5 Rb2+ 0-1

[Event "Paul Keres mem. (44th)"]
[Site "Richmond CAN"]
[Date "2019.05.19"]
[Round "3.10"]
[White "Lehingrat, Callum"]
[Black "Gu, Chuyang"]
[Result "1-0"]
[WhiteElo "2052"]
[BlackElo "1825"]
[PlyCount "49"]
[EventDate "2019.05.18"]
[EventType "swiss"]
[EventRounds "6"]
[EventCountry "CAN"]

1. d4 Nf6 2. c4 e6 3. Nf3 d5 4. Nc3 b6 5. cxd5 exd5 6. g3 Bb7 7. Bg2 Be7 8. O-O
O-O 9. Bf4 Bd6 10. Ne5 c6 11. e4 Nbd7 12. Nxc6 Bxc6 13. Bxd6 Re8 14. e5 Ne4 15.
Nxe4 dxe4 16. Qg4 Nf8 17. Bxf8 Rxf8 18. Bxe4 Bxe4 19. Qxe4 Qd7 20. Rfd1 Rad8
21. Rac1 Qa4 22. a3 Rd7 23. Rd2 Rfd8 24. Qc6 Qa5 25. Qxd7 1-0

[Event "Paul Keres mem. (44th)"]
[Site "Richmond CAN"]
[Date "2019.05.19"]
[Round "4.1"]
[White "Kaufman, Raymond"]
[Black "Huang, Patrick"]
[Result "1-0"]
[WhiteElo "2362"]
[BlackElo "2197"]
[PlyCount "93"]
[EventDate "2019.05.18"]
[EventType "swiss"]
[EventRounds "6"]
[EventCountry "CAN"]

1. d4 g6 2. e4 Bg7 3. Nc3 c6 4. Be3 d5 5. Qd2 dxe4 6. Nxe4 Nd7 7. O-O-O Ngf6 8.
f3 Nxe4 9. fxe4 Nf6 10. e5 Nd5 11. Bh6 Bxh6 12. Qxh6 Qa5 13. Bc4 Bf5 14. Bb3
O-O-O 15. Nf3 Kb8 16. Rhe1 c5 17. Qd2 Qc7 18. dxc5 Qxc5 19. Qd4 Qc7 20. Qc4
Qxc4 21. Bxc4 Nb4 22. Bb3 Rc8 23. Re2 Rhd8 24. Rxd8 Rxd8 25. Ng5 f6 26. exf6
exf6 27. Nxh7 Bg4 28. Re1 Rc8 29. Re4 Nd3+ 30. Kd2 Nf2 31. Rd4 Bf5 32. Nxf6 Rc6
33. Nd5 Ne4+ 34. Ke3 Nc5 35. Ne7 Rf6 36. Nxf5 Rxf5 37. Rd5 Rxd5 38. Bxd5 Kc7
39. Kf4 Nd7 40. Bf7 Nf8 41. Kg5 Kd6 42. Bxg6 b5 43. Bf5 b4 44. Kf6 a5 45. g4 a4
46. Kf7 Nd7 47. Bxd7 1-0

[Event "Paul Keres mem. (44th)"]
[Site "Richmond CAN"]
[Date "2019.05.19"]
[Round "4.2"]
[White "Jiang, Brandon"]
[Black "Orlov, Georgi"]
[Result "0-1"]
[WhiteElo "2115"]
[BlackElo "2503"]
[PlyCount "94"]
[EventDate "2019.05.18"]
[EventType "swiss"]
[EventRounds "6"]
[EventCountry "CAN"]

1. e4 c5 2. Nf3 e6 3. d4 cxd4 4. Nxd4 a6 5. Bd3 Qb6 6. Be3 Bc5 7. c3 Nc6 8. Qb3
Ne5 9. Be2 Nf6 10. Nd2 Neg4 11. Bxg4 Nxg4 12. Qxb6 Bxb6 13. Nc4 Bc7 14. h3 Nxe3
15. Nxe3 b6 16. Ke2 Bb7 17. f3 O-O-O 18. Rhd1 g6 19. g4 h5 20. g5 h4 21. Rg1
Bg3 22. b4 Rh5 23. Ng4 Rxg5 24. Ke3 e5 25. Ne2 f5 26. Nf6 d5 27. exd5 Bxd5 28.
Nxd5 Rxd5 29. c4 Rd7 30. Rad1 Rc7 31. Rc1 Rh5 32. Rgd1 g5 33. Rd6 Bf4+ 34. Nxf4
gxf4+ 35. Kf2 Rg5 36. Rxb6 Rcg7 37. Rf1 Rg2+ 38. Ke1 Rxa2 39. Rd6 Rgg2 40. c5
Ra1+ 41. Rd1 Rga2 42. Rxa1 Rxa1+ 43. Kf2 Rxf1+ 44. Kxf1 Kc7 45. Ke2 e4 46. Kf2
Kc6 47. Ke2 a5 0-1